E-learning y educación a distancia. Eficiencia económica y propiedad intelectual /

Guardado en:
Autor Corporativo: Universidad Nacional de Córdoba. Departamento de Economía y Finanzas.
Otros Autores: Juarez de Perona, Hada G.
Formato: Libro
Idioma:Spanish
Publicado: Córdoba : La Universidad, 2002.
Series:Documento de Trabajo
Materias:
Etiquetas: Agregar Etiqueta
Sin Etiquetas, Sea el primero en etiquetar este registro!
LEADER 00847nam a22002415a 4500
001 EEO.bibeco009001
003 AR-BaUEB
005 20110412134611.0
008 080718s2002####ag#d##########000#0#spa#d
245 1 0 |a E-learning y educación a distancia. Eficiencia económica y propiedad intelectual /  |c Hada G. Juarez de Perona ... [et al.]. 
260 |a Córdoba :  |b La Universidad,  |c 2002. 
300 |a 57 p. 
490 1 |a Documento de Trabajo 
110 2 |a Universidad Nacional de Córdoba.  |b Departamento de Economía y Finanzas. 
700 1 |a Juarez de Perona, Hada G. 
082 0 4 |a I-UNCO-DT13 
653 |a Tecnologia de la informacion 
653 |a Internet 
653 |a Educacion 
653 |a Enseñanza a distancia 
653 |a Telecomunicaciones 
653 |a Propiedad intelectual 
859 |a AR-BaUEB  |b BIB. ECONOMIA - General  |h I-UNCO-DT13  |p e13128